Oasis: The rivers of Alfredo Ceibal (Record no. 555)

MARC details
000 -LEADER
campo de control de longitud fija 00405nam a22001337a 4500
008 - DATOS DE LONGITUD FIJA--INFORMACIÓN GENERAL
campo de control de longitud fija 150430b xxu||||| |||| 00| 0 eng d
082 ## - NÚMERO DE LA CLASIFICACIÓN DECIMAL DEWEY
Número de clasificación 708
Número de ítem C 391o
100 ## - ENTRADA PRINCIPAL--NOMBRE DE PERSONA
Nombre de persona Sullivan, Edward
9 (RLIN) 2532
245 ## - MENCIÓN DEL TÍTULO
Título Oasis: The rivers of Alfredo Ceibal
260 ## - PUBLICACIÓN, DISTRIBUCIÓN, ETC.
Lugar de publicación, distribución, etc. New York
Nombre del editor, distribuidor, etc. Generous Miracles Gallery
Fecha de publicación, distribución, etc. 2002
300 ## - DESCRIPCIÓN FÍSICA
Extensión 7 p.
Otras características físicas ill. (col)
Dimensiones 21x30 cm
650 ## - PUNTO DE ACCESO ADICIONAL DE MATERIA--TÉRMINO DE MATERIA
Subdivisión general Catalogo-exhibición
9 (RLIN) 2533
700 ## - ENTRADA AGREGADA--NOMBRE PERSONAL
Nombre de persona Edward Sullivan
9 (RLIN) 2534
Holdings
Estatus retirado Estado de pérdida Fuente del sistema de clasificación o colocación Estado de daño No para préstamo Biblioteca de origen Biblioteca actual Ubicación en estantería Fecha de adquisición Total de préstamos Signatura topográfica completa Código de barras Visto por última vez Precio de reemplazo Tipo de ítem Koha
    Clasificación Decimal Dewey     Biblioteca LadoV Biblioteca LadoV   30/04/2015   708 C 391o 004011 30/04/2015 30/04/2015 Material 01